Ciudades de Afganistán sin Vocales - Estadísticas

Estadísticas generales
  • Esta prueba ha sido intentada 24 veces
  • La puntuación promedio es 5 de 18
Estadísticas de respuestas
Pista Ciudad % Correcto
K_B_L Kabul
100%
H_R_T Herat
67%
K_ND_H_R Kandahar
57%
KH_ST Khost
52%
F_R_H Farāh
43%
GH_ZN_ Ghazni
43%
J_L_L_B_D Jalalabad
43%
K_ND_Z Kanduz
43%
M_Z_R-_-SH_R_F Mazar-i-Sharif
19%
L_SHK_R G_H Lashkar Gah
14%
S_R-_ P_L Sar-e Pol
14%
CH_GHCH_R_M Chaghcharam
10%
M_HT_R L_M Mehtar Lam
10%
P_L-_-_L_M Pul-i-Alam
10%
CH_R_K_R Charikar
5%
P_L_-KH_MR_ Puli-Khumri
5%
Š_B_RĠ_N Šibarġan
5%
T_L_Q_N Taloqan
5%
No se encontraron pruebas coincidentes
Distribución de puntuación
Porcentaje de gente con cada puntuación
Porcentaje por número respondido
Historial de tus puntuaciones
No has intentado esta prueba.